Ley protección al consumidor: estudio psicosociológico de opiniones de empresarios y consumidores

Kaydedildi:
Detaylı Bibliyografya
Yazar: Vega Carballo, José Luis
Materyal Türü: Metin
Baskı/Yayın Bilgisi: San José: Oficina de Información
Etiketler: Etiketle
Etiket eklenmemiş, İlk siz ekleyin!

MARC

LEADER 00000 a a2200000 04500
001 15359
003
040
090 |a 024000  
100 |a Vega Carballo, José Luis  
245 |a Ley protección al consumidor: estudio psicosociológico de opiniones de empresarios y consumidores  
260 |a San José:   |b Oficina de Información  
300 |a 28 p.  
999 |c 12260  |d 12260